000 01425nam a2200349 a 4500
001 ebr10670985
003 CaPaEBR
006 m u
007 cr cn|||||||||
008 110610s2012 nyua sb 001 0 eng d
010 _z 2011018645
020 _z9781613249772 (hardcover)
020 _z9781614700388 (e-book)
040 _aCaPaEBR
_cCaPaEBR
035 _a(OCoLC)828869746
050 1 4 _aQH88
_b.D465 2012eb
082 0 4 _a578.754
_223
245 0 0 _aDeserts
_h[electronic resource] :
_bfauna, flora and environment /
_cJuan Carlos Guevara, Eduardo G. Grunwaldt and Chandrakasan Sivaperuman, editors.
260 _aHauppauge, N.Y. :
_bNova Science Publishers,
_cc2012.
300 _aix, 199 p. :
_bill.
490 1 _aEnvironmental science, engineering and technology
504 _aIncludes bibliographical references and index.
533 _aElectronic reproduction.
_bPalo Alto, Calif. :
_cebrary,
_d2013.
_nAvailable via World Wide Web.
_nAccess may be limited to ebrary affiliated libraries.
650 0 _aDeserts.
655 7 _aElectronic books.
_2local
700 1 _aGuevara, Juan Carlos.
700 1 _aGrunwaldt, Eduardo G.
700 1 _aSivaperuman, C.
710 2 _aebrary, Inc.
830 0 _aEnvironmental science, engineering and technology series.
856 4 0 _uhttp://site.ebrary.com/lib/rucke/Doc?id=10670985
_zAn electronic book accessible through the World Wide Web; click to view
999 _c176001
_d176001